00819nam a2200229 i 450000100060000000300090000600500170001500700030003200800410003510000290007624501000010525000120020526000710021730000220028849000230031050000180033370000370035183000310038885200320041999900170045195201210046837626ES-MaACL20230906155620.0t|030221s1980 mx ||||1| spa d1 aBurdeau, Georges.93259110aTratado de Ciencia Política / cde Georges Burdeau ; traducción por Enrique Serna Elizondo. a3ª ed. aMéxico : bUniversidad Nacional Autónoma de México, c[1980] a268 p. ; c23 cm.1 aCultura y sociedad aEs el vol. I.1 aSerna Elizondo, Enrique.91055780 aCultura y sociedad9181729 aES-MaACLjL-1959 bR.102854 c37626d37626 00104070aATENEOMbATENEOMcDEPO2d2008-01-17eSCl0oL-1959p1039608r2023-02-23 00:00:00w2023-02-23yMONOGRAFIA